000 00393nam a2200145Ia 4500
008 100122s9999 xx 000 0 und d
082 _b56640
_a824
100 _aतेंडुलकर प्रिया
245 _aअसंही
260 _bडिंपल प्रकाशन
_c1996
300 _a20
630 _aअसंही
730 _aअसंही
942 _cBOOK
999 _c433022
_d433019